000 00837nab a2200253 u 4500
001 17372
003 HDC
007 cr bn ---aaaaa
008 210224c |r|noo 0 a d
040 _aHDC
100 _aGoh, De No,
_eauthor
_916507
245 4 _aThe Chicken Rice Shop to enter Brunei by end 2011 /
_cby Goh De No
260 _aBrunei :
_bBrunei Times PLC,
_c2011
336 _atext
_2rdacontent
337 _acomputer
_2rdamedia
338 _aonline resource
_2rdacarrier
650 _aHalal certificate
_9482
650 _aHalal food chain
_916814
710 _aThe Brunei Times
856 _zRequest full-text at [email protected]
942 _2lcc
942 _cNEWS
942 _kNWSO 009342
999 _c14688
_d14688